|
|
|
|
| LEADER |
00000nam0a2200000 4500 |
| 001 |
94744 |
| 005 |
20231031105746.0 |
| 010 |
|
|
|a 5469007421
|
| 035 |
|
|
|a (RuTPU)RU\TPU\book\101492
|
| 090 |
|
|
|a 94744
|
| 100 |
|
|
|a 20060414d2006 m y0rusy50 ca
|
| 101 |
0 |
|
|a rus
|
| 102 |
|
|
|a RU
|
| 105 |
|
|
|a a j 001zy
|
| 200 |
1 |
|
|a Архитектура ЭВМ и систем
|e учебник для вузов
|f В. Л. Бройдо, О. П. Ильина
|
| 210 |
|
|
|a Спб.
|c Питер
|d 2006
|
| 215 |
|
|
|a 718 с.
|c ил.
|
| 225 |
1 |
|
|a Учебник для вузов
|
| 225 |
1 |
|
|a Издательская программа "300 лучших учебников для высшей школы в честь 300-летия Санкт-Петербурга"
|
| 320 |
|
|
|a Библиогр.: с. 709-712.
|
| 320 |
|
|
|a Алфавитный указатель: с. 713-717.
|
| 330 |
|
|
|a Учебник предназначен для студентов, изучающих дисциплину «Архитектура ЭВМ и систем» специальности «Информационные системы», а также для слушателей институтов повышения квалификации, аспирантов и преподавателей, обеспечивающих учебный процесс по данной дисциплине. Книга будет весьма полезна и для специалистов, связанных с современными информационными технологиями, и для широкого круга пользователей компьютеров.
|
| 610 |
1 |
|
|a электронно-вычислительные машины
|
| 610 |
1 |
|
|a ЭВМ
|
| 610 |
1 |
|
|a создание
|
| 610 |
1 |
|
|a эволюция
|
| 610 |
1 |
|
|a построение
|
| 610 |
1 |
|
|a информация
|
| 610 |
1 |
|
|a логические основы
|
| 610 |
1 |
|
|a функциональная организация
|
| 610 |
1 |
|
|a функциональные свойства
|
| 610 |
1 |
|
|a структура
|
| 610 |
1 |
|
|a программное управление
|
| 610 |
1 |
|
|a информационно-вычислительные сети
|
| 610 |
1 |
|
|a информационно-вычислительные системы
|
| 610 |
1 |
|
|a архитектура
|
| 610 |
1 |
|
|a качество
|
| 610 |
1 |
|
|a эффективность
|
| 610 |
1 |
|
|a учебники
|
| 675 |
|
|
|a 681.322-181.4(075.8)
|v 3
|
| 700 |
|
1 |
|a Бройдо
|b В. Л.
|g Владимир Львович
|
| 701 |
|
1 |
|a Ильина
|b О. П.
|g Ольга Павловна
|
| 801 |
|
1 |
|a RU
|b 63413507
|c 20060414
|g PSBO
|
| 801 |
|
2 |
|a RU
|b 63413507
|c 20160114
|g PSBO
|
| 900 |
|
|
|a Архитектура ВМ и сетей ЭВМ
|
| 900 |
|
|
|a Архитектура ЭВМ и систем
|
| 900 |
|
|
|a Вычислительные машины, сети и системы
|
| 942 |
|
|
|c BK
|
| 952 |
|
|
|b 230200
|
| 959 |
|
|
|a 27/20060413
|d 2
|e 245,41
|f ЧЗТЛ:1
|f АНЛ:1
|
| 959 |
|
|
|a 47/20070604
|d 15
|e 237,50
|f УФ:15
|